| 000 | 00569nam a2200145Ia 4500 | ||
|---|---|---|---|
| 008 | 220216s9999 xx 000 0 und d | ||
| 100 | _aMathew Joseph C | ||
| 245 | 0 | _aProductive use of extension skill management: A labour-friendly and energy efficient new design drier for processing of sheet rubber | |
| 260 | _bPLACROSYM XXI. International Symposium on Plantation Crops, 10-12 December 2014, Kozhikode, India, pp. 155-156. Abstracts.182-183. | ||
| 650 | _aDrier | ||
| 650 | _aSheet rubber processing | ||
| 700 | _aRajeevan B | ||
| 700 | _aThomas J | ||
| 942 | _cBS | ||
| 999 |
_c51465 _d51465 |
||